[Event "WchT Seniors 50"]
[Site "Acqui Terme"]
[Date "2022.06.23"]
[Round "4.2"]
[White "David, Alberto"]
[Black "Horvath, Jozsef"]
[Result "1-0"]
[WhiteElo "2520"]
[BlackElo "2429"]
[PlyCount "115"]
[EventDate "2022.06.20"]
[EventType "team-swiss"]
[EventRounds "9"]
[EventCountry "ITA"]
[SourceTitle "CBM 209 Extra"]
[Source "ChessBase"]
[SourceDate "2022.09.30"]
[SourceVersion "1"]
[SourceVersionDate "2022.09.30"]
[SourceQuality "1"]
[WhiteTeam "Italy 50"]
[BlackTeam "Hungary 50"]
[WhiteTeamCountry "ITA"]
[BlackTeamCountry "HUN"]

1. e4 c6 2. Nf3 d5 3. Nc3 Bg4 4. h3 Bxf3 5. Qxf3 e6 6. g3 g6 7. Bg2 Bg7 8. 0-0 Nd7 9. Qe2 Ne7 10. d3 0-0 11. Bg5 Re8 12. Rae1 Qa5 13. Bd2 Qa6 14. a3 Rac8 15. Bc1 dxe4 16. Nxe4 c5 17. g4 Nf6 18. Nxf6+ Bxf6 19. Qf3 Bg7 20. Qxb7 Qxb7 21. Bxb7 Rb8 22. Bf3 Bxb2 23. Bf4 Rbd8 24. Rb1 Bxa3 25. Ra1 Bb2 26. Rxa7 Nd5 27. Bxd5 exd5 28. Rb1 Bd4 29. Kf1 Ra8 30. Rbb7 c4 31. Rxa8 Rxa8 32. Rd7 cxd3 33. cxd3 f5 34. Kg2 Ra2 35. Rxd5 Bxf2 36. Kf3 fxg4+ 37. hxg4 Bb6 38. Bh6 Bc7 39. g5 Bb6 40. Rd6 Bc5 41. Rc6 Be7 42. Rc7 Bf6 43. Rd7 Be5 44. Re7 Bc3 45. Rd7 Ra4 46. Ke3 Ra8 47. d4 Ba5 48. Rg7+ Kh8 49. Rb7 Kg8 50. d5 Ra7 51. Rxa7 Bb6+ 52. Ke4 Bxa7 53. d6 Kf7 54. Kd5 Be3 55. Kc6 Ke8 56. d7+ Kd8 57. Bf8 Bxg5 58. Bd6 1-0

[Event "HUN-chT 2122"]
[Site "Hungary"]
[Date "2021.10.31"]
[Round "2.3"]
[White "Nenezic, Marko"]
[Black "Horvath, Jozsef"]
[Result "1-0"]
[WhiteElo "2522"]
[BlackElo "2429"]
[PlyCount "81"]
[EventDate "2021.10.10"]
[EventType "team-tourn"]
[EventRounds "9"]
[EventCountry "HUN"]
[SourceTitle "EXT 2023"]
[Source "ChessBase"]
[SourceDate "2022.10.05"]
[SourceVersion "1"]
[SourceVersionDate "2022.10.05"]
[SourceQuality "1"]
[WhiteTeam "Kobanya Aquarena"]
[BlackTeam "Morihana"]
[WhiteTeamCountry "HUN"]
[BlackTeamCountry "HUN"]

1. Nf3 Nf6 2. c4 e6 3. Nc3 d5 4. d4 c5 5. cxd5 Nxd5 6. e3 cxd4 7. exd4 Be7 8. Bd3 b6 9. 0-0 Bb7 10. Bb5+ Bc6 11. Qa4 Qd7 12. Nxd5 Qxd5 13. Bxc6+ Nxc6 14. Be3 0-0 15. Rfc1 Rac8 16. Rc3 b5 17. Qa6 Rc7 18. Bf4 Nb4 19. Qa5 Rb7 20. Rb3 Nc6 21. Qd2 Rd8 22. Be3 a5 23. Qe2 h6 24. Rc3 a4 25. h3 Nb4 26. a3 Nc6 27. Rac1 Na5 28. Ne5 Nb3 29. Rd1 Bf6 30. Nc6 Re8 31. Nb4 Qd7 32. Rcd3 Be7 33. d5 Bxb4 34. axb4 e5 35. d6 Rc8 36. Qh5 Re8 37. Bxh6 Nd4 38. Bxg7 Kxg7 39. Qg5+ Kh7 40. Rxd4 exd4 41. Rxd4 1-0

[Event "HUN-ch rapid"]
[Site "Ajka"]
[Date "2020.07.19"]
[Round "11"]
[White "Horvath, Jozsef"]
[Black "Papp, Gabor"]
[Result "1/2-1/2"]
[WhiteElo "2438"]
[BlackElo "2602"]
[PlyCount "68"]
[EventDate "2020.07.17"]
[EventType "swiss (rapid)"]
[EventRounds "13"]
[EventCountry "HUN"]
[SourceTitle "CBM 197 Extra"]
[Source "ChessBase"]
[SourceDate "2020.09.30"]
[SourceVersion "1"]
[SourceVersionDate "2020.09.30"]
[SourceQuality "1"]

1. Nf3 c5 2. c4 Nc6 3. Nc3 Nf6 4. e3 g6 5. d4 cxd4 6. exd4 d5 7. Bg5 Be6 8. Bxf6 exf6 9. c5 Bg7 10. h3 0-0 11. Bb5 Ne7 12. 0-0 b6 13. b4 bxc5 14. bxc5 Qa5 15. Qd2 Rab8 16. Nxd5 Qxd2 17. Nxe7+ Kh8 18. Nxd2 Rxb5 19. d5 Re8 20. dxe6 Rxe7 21. exf7 Rxc5 22. Rac1 Rxc1 23. Rxc1 Rxf7 24. Rc8+ Bf8 25. Nc4 Kg7 26. Kf1 h5 27. a4 Bb4 28. Ke2 Re7+ 29. Kf3 f5 30. a5 Rd7 31. Ne5 Rd5 32. Rc7+ Kf6 33. Nc6 Bxa5 34. Rxa7 Bc3 1/2-1/2

[Event "HUN-ch rapid"]
[Site "Ajka"]
[Date "2020.07.17"]
[Round "2"]
[White "Juhasz, Barbara"]
[Black "Horvath, Jozsef"]
[Result "1-0"]
[WhiteElo "2223"]
[BlackElo "2438"]
[PlyCount "107"]
[EventDate "2020.07.17"]
[EventType "swiss (rapid)"]
[EventRounds "13"]
[EventCountry "HUN"]
[SourceTitle "CBM 197 Extra"]
[Source "ChessBase"]
[SourceDate "2020.09.30"]
[SourceVersion "1"]
[SourceVersionDate "2020.09.30"]
[SourceQuality "1"]

1. e4 d6 2. d4 Nf6 3. Bd3 g6 4. Nf3 Bg7 5. 0-0 0-0 6. Re1 Nc6 7. d5 Nb4 8. Bf1 c6 9. c3 Na6 10. Bxa6 bxa6 11. dxc6 Qc7 12. Qa4 Rb8 13. Nbd2 Rb6 14. e5 Ne8 15. exd6 Nxd6 16. Ne4 Nf5 17. Ng3 Nxg3 18. hxg3 e5 19. Qh4 Rxc6 20. Be3 Rc4 21. Qh2 Bb7 22. Rad1 Bxf3 23. gxf3 Qb7 24. Bc1 Qxf3 25. Rd7 h5 26. Qg2 Qf5 27. Rxa7 h4 28. Be3 Qe6 29. Rd1 hxg3 30. fxg3 Rg4 31. Bc5 Rc8 32. b4 e4 33. Rd6 Qe5 34. Kh2 Bf8 35. Rdd7 Rh4+ 36. Kg1 Rg4 37. Bd4 Qg5 38. Kh2 Qh6+ 39. Qh3 Qd2+ 40. Qg2 Qxg2+ 41. Kxg2 f5 42. Kf2 e3+ 43. Kxe3 Rxg3+ 44. Kf2 Rh3 45. Rxa6 Rh6 46. Be3 Rh2+ 47. Kg3 Rxc3 48. Rxg6+ Kh8 49. Kxh2 Rxe3 50. Rd8 Kh7 51. Rb6 Bg7 52. Rd7 f4 53. Rbb7 Rg3 54. Rxg7+ 1-0

[Event "Budapest Rigochess02 GM"]
[Site "Budapest"]
[Date "2020.02.22"]
[Round "9"]
[White "Horvath, Jozsef"]
[Black "Varga, Zoltan"]
[Result "1/2-1/2"]
[WhiteElo "2452"]
[BlackElo "2417"]
[PlyCount "24"]
[EventDate "2020.02.13"]
[EventType "tourn"]
[EventRounds "9"]
[EventCountry "HUN"]
[EventCategory "6"]
[SourceTitle "CBM 195 Extra"]
[Source "ChessBase"]
[SourceDate "2020.05.31"]
[SourceVersion "1"]
[SourceVersionDate "2020.05.31"]
[SourceQuality "1"]

1. c4 e6 2. Nc3 d5 3. d4 Nf6 4. Bg5 dxc4 5. e3 c5 6. dxc5 Nbd7 7. Nf3 Bxc5 8. Bxc4 0-0 9. 0-0 h6 10. Bh4 a6 11. a3 b5 12. Be2 Bb7 1/2-1/2

[Event "Budapest Rigochess02 GM"]
[Site "Budapest"]
[Date "2020.02.17"]
[Round "4"]
[White "Horvath, Jozsef"]
[Black "Mendonca, Leon Luke"]
[Result "1/2-1/2"]
[WhiteElo "2452"]
[BlackElo "2418"]
[PlyCount "33"]
[EventDate "2020.02.13"]
[EventType "tourn"]
[EventRounds "9"]
[EventCountry "HUN"]
[EventCategory "6"]
[SourceTitle "CBM 195 Extra"]
[Source "ChessBase"]
[SourceDate "2020.05.31"]
[SourceVersion "1"]
[SourceVersionDate "2020.05.31"]
[SourceQuality "1"]

1. Nf3 Nf6 2. c4 e6 3. g3 d5 4. Bg2 Be7 5. d4 0-0 6. Nc3 dxc4 7. Ne5 c5 8. dxc5 Qxd1+ 9. Nxd1 Bxc5 10. Nc3 Nc6 11. Nxc4 e5 12. Bxc6 bxc6 13. Na4 Bd4 14. Be3 Be6 15. Rc1 Bxe3 16. Nxe3 Bxa2 17. Rxc6 1/2-1/2

[Event "Budapest Rigochess02 GM"]
[Site "Budapest"]
[Date "2020.02.15"]
[Round "3"]
[White "Galyas, Miklos"]
[Black "Horvath, Jozsef"]
[Result "1/2-1/2"]
[WhiteElo "2476"]
[BlackElo "2452"]
[PlyCount "77"]
[EventDate "2020.02.13"]
[EventType "tourn"]
[EventRounds "9"]
[EventCountry "HUN"]
[EventCategory "6"]
[SourceTitle "CBM 195 Extra"]
[Source "ChessBase"]
[SourceDate "2020.05.31"]
[SourceVersion "1"]
[SourceVersionDate "2020.05.31"]
[SourceQuality "1"]

1. c4 g6 2. Nf3 Bg7 3. e4 c5 4. d4 Qb6 5. dxc5 Qxc5 6. Be2 d6 7. h3 Qb6 8. Qd2 Nf6 9. Nc3 Nbd7 10. 0-0 Nc5 11. Qc2 Bd7 12. Be3 0-0 13. Nd4 Rac8 14. Rfd1 a6 15. Rab1 Qc7 16. b4 Ne6 17. Nf3 Qb8 18. Qb3 Nc7 19. Rbc1 b5 20. c5 Be6 21. Qb1 dxc5 22. Bxc5 Rfe8 23. Nd4 Bd7 24. Bf3 Ne6 25. Nxe6 Bxe6 26. Nd5 Bxd5 27. exd5 Nd7 28. d6 exd6 29. Bxd6 Qb6 30. Rxc8 Rxc8 31. Bd5 Be5 32. Bxe5 Nxe5 33. Qe4 Qf6 34. Re1 Nc4 35. Qe7 Kg7 36. Bb7 Rb8 37. Bd5 Rc8 38. Bb7 Rb8 39. Bd5 1/2-1/2

[Event "Budapest Rigochess02 GM"]
[Site "Budapest"]
[Date "2020.02.14"]
[Round "2"]
[White "Horvath, Jozsef"]
[Black "Shome, Shiv"]
[Result "1-0"]
[WhiteElo "2452"]
[BlackElo "2289"]
[PlyCount "105"]
[EventDate "2020.02.13"]
[EventType "tourn"]
[EventRounds "9"]
[EventCountry "HUN"]
[EventCategory "6"]
[SourceTitle "CBM 195 Extra"]
[Source "ChessBase"]
[SourceDate "2020.05.31"]
[SourceVersion "1"]
[SourceVersionDate "2020.05.31"]
[SourceQuality "1"]

1. Nf3 d5 2. e3 c5 3. b3 Nf6 4. Bb2 Nc6 5. Bb5 Bd7 6. 0-0 e6 7. c4 a6 8. Bxc6 Bxc6 9. Ne5 Rc8 10. d4 Be7 11. Nd2 cxd4 12. Bxd4 0-0 13. Rc1 Nd7 14. Nxc6 bxc6 15. Qe2 Bf6 16. Bxf6 Nxf6 17. Rc2 Qd7 18. Rfc1 a5 19. Nf3 a4 20. b4 Ne4 21. a3 Nd6 22. Nd2 Qb7 23. e4 h6 24. h3 Rfd8 25. e5 Nf5 26. Nf3 d4 27. Qe4 Qa7 28. c5 Rd5 29. Rd2 Rcd8 30. Rcd1 Qe7 31. Nxd4 Nxd4 32. Rxd4 Qg5 33. Rxd5 Rxd5 34. Rxd5 exd5 35. Qe1 Qf4 36. e6 fxe6 37. Qxe6+ Kh7 38. Qe3 Qc4 39. g4 d4 40. Qe4+ Kh8 41. Kg2 Qc3 42. Qxc6 d3 43. Qe8+ Kh7 44. Qe4+ Kh8 45. c6 d2 46. Qd5 Qxa3 47. Qxd2 Qb3 48. c7 Qc4 49. Qd8+ Kh7 50. c8Q Qe4+ 51. Kg3 Qe5+ 52. Kh4 g5+ 53. Kh5 1-0

[Event "Budapest Rigochess02 GM"]
[Site "Budapest"]
[Date "2020.02.13"]
[Round "1"]
[White "Krstulovic, Alex"]
[Black "Horvath, Jozsef"]
[Result "1/2-1/2"]
[WhiteElo "2353"]
[BlackElo "2452"]
[PlyCount "73"]
[EventDate "2020.02.13"]
[EventType "tourn"]
[EventRounds "9"]
[EventCountry "HUN"]
[EventCategory "6"]
[SourceTitle "CBM 195 Extra"]
[Source "ChessBase"]
[SourceDate "2020.05.31"]
[SourceVersion "1"]
[SourceVersionDate "2020.05.31"]
[SourceQuality "1"]

1. d4 e6 2. c4 Bb4+ 3. Bd2 a5 4. Nf3 Nf6 5. g3 d5 6. Bg2 dxc4 7. Qc2 0-0 8. Qxc4 Bxd2+ 9. Nbxd2 b6 10. Qc2 Bb7 11. 0-0 Nbd7 12. Rfd1 Rc8 13. Nc4 Qe7 14. b3 c5 15. dxc5 Rxc5 16. Qd2 Ba6 17. Ne3 Rfc8 18. Nd4 g6 19. Rac1 Rxc1 20. Rxc1 Rxc1+ 21. Qxc1 Qd6 22. Qb2 e5 23. Nf3 Kf8 24. h3 b5 25. Qd2 Qxd2 26. Nxd2 Nb6 27. a3 Ke7 28. g4 h6 29. h4 Bc8 30. Bf3 Be6 31. Kg2 Nfd7 32. b4 axb4 33. axb4 Nb8 34. Nb1 f5 35. gxf5 gxf5 36. Nc3 Na6 37. Nxb5 1/2-1/2

[Event "Donau op 28th"]
[Site "Aschach"]
[Date "2019.12.29"]
[Round "5"]
[White "Markidis, Konstantinos"]
[Black "Horvath, Jozsef"]
[Result "0-1"]
[WhiteElo "2192"]
[BlackElo "2444"]
[PlyCount "122"]
[EventDate "2019.12.26"]
[EventType "swiss"]
[EventRounds "7"]
[EventCountry "AUT"]
[SourceTitle "CBM 194 Extra"]
[Source "ChessBase"]
[SourceDate "2020.03.31"]
[SourceVersion "1"]
[SourceVersionDate "2020.03.31"]
[SourceQuality "1"]

1. e4 c6 2. Nc3 d5 3. Nf3 Bg4 4. h3 Bxf3 5. Qxf3 e6 6. g3 Nf6 7. Bg2 Bc5 8. 0-0 Nbd7 9. exd5 cxd5 10. Ne2 0-0 11. d4 Bd6 12. c3 b5 13. a3 Qb6 14. Nf4 a5 15. Be3 Rac8 16. Qe2 b4 17. axb4 axb4 18. Ra6 Qb8 19. cxb4 Bxb4 20. Nd3 Bd6 21. Rfa1 Nb6 22. Bd2 Nc4 23. Bc3 h6 24. Ra7 Rc7 25. Rxc7 Qxc7 26. Ne5 Bxe5 27. dxe5 Nd7 28. Re1 Qc5 29. Qg4 Rb8 30. Bd4 Qa5 31. Bc3 Qc5 32. Bd4 Qc7 33. Qe2 Nc5 34. Rd1 Nb3 35. Bc3 Rd8 36. Bf1 Nc5 37. Bd4 Nb3 38. Bc3 Rb8 39. Re1 Na3 40. Qa6 Nc2 41. Rd1 d4 42. Qd3 Nb4 43. Bxb4 Rxb4 44. Qe4 Nc5 45. Rc1 Nxe4 46. Rxc7 Nd2 47. Kg2 Rxb2 48. Rc8+ Kh7 49. Rc7 Nxf1 50. Kxf1 d3 51. Rd7 d2 52. Ke2 Kg6 53. Kf3 h5 54. Ke3 h4 55. g4 Rb3+ 56. Ke4 Rxh3 57. Rxd2 Ra3 58. Kf4 Ra4+ 59. Kf3 Kg5 60. Rd8 Rf4+ 61. Ke3 Kxg4 0-1

[Event "HUN-chT 1920"]
[Site "Hungary"]
[Date "2019.12.01"]
[Round "3.3"]
[White "Antal, Gergely"]
[Black "Horvath, Jozsef"]
[Result "1-0"]
[WhiteElo "2562"]
[BlackElo "2437"]
[PlyCount "97"]
[EventDate "2019.11.16"]
[EventType "team-tourn"]
[EventRounds "9"]
[EventCountry "HUN"]
[SourceTitle "CBM 193 Extra"]
[Source "ChessBase"]
[SourceDate "2020.01.31"]
[SourceVersion "1"]
[SourceVersionDate "2020.01.31"]
[SourceQuality "1"]
[WhiteTeam "DVTK"]
[BlackTeam "Morihana"]
[WhiteTeamCountry "HUN"]
[BlackTeamCountry "HUN"]

1. e4 d6 2. d4 Nf6 3. Nc3 e5 4. Nf3 Nbd7 5. Bc4 exd4 6. Nxd4 Nb6 7. Be2 Be7 8. a4 a5 9. Be3 0-0 10. 0-0 Re8 11. Nf3 c6 12. h3 d5 13. e5 Ne4 14. Bd3 Bf5 15. Nd4 Bg6 16. f4 Ng3 17. Re1 Bh5 18. Qc1 c5 19. Ndb5 d4 20. Bf2 dxc3 21. Bxg3 c4 22. Be4 Nxa4 23. Rxa4 Qb6+ 24. Bf2 Bc5 25. Bxc5 Qxc5+ 26. Kh1 Qxb5 27. Ra2 Bg6 28. Bf3 Qb4 29. Re3 cxb2 30. Rxb2 Qc5 31. Rxb7 Rad8 32. Re1 c3 33. Qe3 Qxe3 34. Rxe3 Bxc2 35. Rxc3 Bd1 36. Bc6 Rf8 37. Ra7 Rd4 38. f5 Ba4 39. Bf3 Bd1 40. Ba8 Rdd8 41. Bc6 Rc8 42. e6 fxe6 43. fxe6 Bh5 44. e7 Rf1+ 45. Kh2 Bf7 46. Bd7 Rxc3 47. Ra8+ Be8 48. Bxe8 Rf8 49. Bf7+ 1-0

[Event "Arco op 41st"]
[Site "Arco"]
[Date "2019.10.10"]
[Round "7"]
[White "Horvath, Jozsef"]
[Black "Shehzad, Shazil Khan"]
[Result "1/2-1/2"]
[WhiteElo "2450"]
[BlackElo "2140"]
[PlyCount "47"]
[EventDate "2019.10.04"]
[EventType "swiss"]
[EventRounds "9"]
[EventCountry "ITA"]
[SourceTitle "EXT 2020"]
[Source "ChessBase"]
[SourceDate "2019.10.17"]
[SourceVersion "1"]
[SourceVersionDate "2019.10.17"]
[SourceQuality "1"]

1. Nf3 d5 2. e3 Nf6 3. c4 e6 4. b3 Be7 5. Bb2 0-0 6. d4 b6 7. Nc3 Bb7 8. Bd3 Nbd7 9. 0-0 a6 10. Rc1 dxc4 11. bxc4 c5 12. a4 cxd4 13. exd4 Qc7 14. Re1 Rad8 15. Nd5 exd5 16. Rxe7 Qd6 17. Re1 dxc4 18. Bxc4 b5 19. axb5 axb5 20. Bxb5 Qb6 21. Bxd7 Bxf3 22. Qxf3 Qxb2 23. Bc6 Qxd4 24. Qc3 1/2-1/2

[Event "Zalakaros Barczay Memorial"]
[Site "Zalakaros"]
[Date "2019.05.29"]
[Round "7"]
[White "Peczely, Sebastian Zsombor"]
[Black "Horvath, Jozsef"]
[Result "1/2-1/2"]
[WhiteElo "2245"]
[BlackElo "2451"]
[PlyCount "55"]
[EventDate "2019.05.23"]
[EventType "swiss"]
[EventRounds "9"]
[EventCountry "HUN"]
[SourceTitle "CBM 190 Extra"]
[Source "ChessBase"]
[SourceDate "2019.07.15"]
[SourceVersion "1"]
[SourceVersionDate "2019.07.15"]
[SourceQuality "1"]

1. e4 d6 2. d4 Nf6 3. Nc3 e5 4. Nf3 exd4 5. Nxd4 Be7 6. Be2 0-0 7. Be3 Re8 8. Qd2 Bf8 9. Bg5 h6 10. Bxf6 Qxf6 11. 0-0-0 a6 12. g4 Nc6 13. Nxc6 bxc6 14. f4 Rb8 15. a3 Rxe4 16. g5 hxg5 17. fxg5 Qe5 18. Bf3 Be7 19. Rhg1 Re3 20. h4 d5 21. Rde1 d4 22. Nd1 Rxe1 23. Rxe1 Qd6 24. Re4 c5 25. Qe2 Be6 26. g6 Bf8 27. Bh5 Bd5 28. gxf7+ 1/2-1/2

[Event "Zalakaros Barczay Memorial"]
[Site "Zalakaros"]
[Date "2019.05.27"]
[Round "5"]
[White "Borhy, Marcell Boldizsar"]
[Black "Horvath, Jozsef"]
[Result "1/2-1/2"]
[WhiteElo "2374"]
[BlackElo "2451"]
[PlyCount "176"]
[EventDate "2019.05.23"]
[EventType "swiss"]
[EventRounds "9"]
[EventCountry "HUN"]
[SourceTitle "CBM 190 Extra"]
[Source "ChessBase"]
[SourceDate "2019.07.15"]
[SourceVersion "1"]
[SourceVersionDate "2019.07.15"]
[SourceQuality "1"]

1. d4 Nf6 2. c4 e6 3. g3 d5 4. Bg2 Bb4+ 5. Bd2 Bd6 6. Nf3 0-0 7. Qc2 Nc6 8. 0-0 dxc4 9. Qxc4 e5 10. d5 Ne7 11. Nc3 h6 12. Rfd1 a6 13. a4 c6 14. dxc6 Nxc6 15. Be3 Be6 16. Qd3 Bb4 17. Qxd8 Rfxd8 18. Nd2 Bxc3 19. bxc3 Nd5 20. Bxd5 Bxd5 21. Bb6 Rdc8 22. c4 Be6 23. Ne4 Nd4 24. Bxd4 Rxc4 25. Bxe5 Rxe4 26. Bf4 Rxe2 27. Rab1 Ra2 28. Rd4 Bh3 29. Bc7 Rc8 30. Bb6 Rcc2 31. a5 Kh7 32. Rdd1 f6 33. Rbc1 Kg6 34. Rxc2 Rxc2 35. f3 Rg2+ 36. Kh1 Ra2 37. Kg1 h5 38. Rc1 Bd7 39. Rc3 Ra1+ 40. Kf2 Ra2+ 41. Kg1 Bc6 42. Bc7 Kf7 43. h4 Ke6 44. Re3+ Kf5 45. Rc3 Bd5 46. Rd3 Ke6 47. Re3+ Kd7 48. Bb6 Kd6 49. Kf1 g5 50. hxg5 fxg5 51. Ke1 h4 52. gxh4 gxh4 53. Re2 Ra1+ 54. Kf2 h3 55. Kg3 Be6 56. Rd2+ Ke7 57. Bd8+ Kf7 58. Rb2 Kg6 59. Bc7 Rg1+ 60. Kf4 Rf1 61. Kg3 Rg1+ 62. Kf4 Rf1 63. Kg3 Bd5 64. Kxh3 Bxf3 65. Kg3 Bc6 66. Rf2 Rg1+ 67. Kf4 Kf6 68. Bb6 Rd1 69. Re2 Rd3 70. Re3 Rd2 71. Re1 Rd5 72. Re3 Rf5+ 73. Kg3 Rf1 74. Re2 Rf3+ 75. Kg4 Rb3 76. Re3 Rb4+ 77. Kg3 Kf5 78. Kf2 Be4 79. Rc3 Ke5 80. Ke3 Bd5 81. Bc7+ Ke6 82. Rc5 Rh4 83. Kd2 Bc6 84. Kc3 Kd7 85. Bb6 Kd6 86. Rg5 Bd5 87. Rg6+ Be6 88. Rg7 Ke5 1/2-1/2

[Event "Zalakaros Barczay Memorial"]
[Site "Zalakaros"]
[Date "2019.05.26"]
[Round "4"]
[White "Horvath, Jozsef"]
[Black "Ianov, Viktor"]
[Result "1-0"]
[WhiteElo "2451"]
[BlackElo "2298"]
[PlyCount "71"]
[EventDate "2019.05.23"]
[EventType "swiss"]
[EventRounds "9"]
[EventCountry "HUN"]
[SourceTitle "CBM 190 Extra"]
[Source "ChessBase"]
[SourceDate "2019.07.15"]
[SourceVersion "1"]
[SourceVersionDate "2019.07.15"]
[SourceQuality "1"]

1. d4 d6 2. c4 Nf6 3. Nc3 g6 4. g3 Bg7 5. Bg2 0-0 6. Nf3 c6 7. 0-0 Bf5 8. Ne1 Qc8 9. e4 Bh3 10. f3 Bxg2 11. Kxg2 Nbd7 12. Be3 Rd8 13. Rc1 b6 14. Nd3 Qb7 15. Rf2 Rac8 16. Rfc2 a6 17. a4 a5 18. Qe2 e5 19. d5 c5 20. Rf1 Rf8 21. f4 exf4 22. Bxf4 Ne8 23. Nb5 Qb8 24. Qg4 Rd8 25. Bg5 h5 26. Qh4 f6 27. Bc1 Ne5 28. Nxe5 dxe5 29. g4 Qc8 30. gxh5 g5 31. Qh3 g4 32. Qh4 f5 33. Bg5 Nf6 34. h6 f4 35. hxg7 Kxg7 36. Qh6+ 1-0